| 000 | 01041nam a2200217Ii 4500 | ||
|---|---|---|---|
| 003 | JO-AjNU | ||
| 008 | 230605s9999||||xx |||||||||||||| ||und|| | ||
| 020 | _a9953-33-722-5 | ||
| 040 |
_aJO-AjNU _bara _erda _cJO-AjNU |
||
| 041 | _aara | ||
| 050 | 1 | 4 | _aHG51.A2.2007 |
| 100 | 3 |
_aعدنان عابدين, _eauthor _927529 |
|
| 245 | 0 | 0 | _aمعجم مصطلحات المحاسبة المالية و الإدارية : إنكليزي - عربي : مع مسردين إنكليزي - عربي و عربي - إنكليزي |
| 250 | _aطبعة جديدة 2007 | ||
| 264 | 3 | 1 | _aبيروت: مكتبة لبنان، 2007 |
| 300 |
_a353ص _bيشتمل على ملاحق ص(282-314) ويشتمل على مسرد مصطلحات إنكليزي - عربي ص(317-353) |
||
| 336 |
_atext _btxt _2rdacontent |
||
| 337 |
_aunmediated _bn _2rdamedia |
||
| 338 |
_avolume _bnc _2rdacarrier |
||
| 650 | 4 |
_aالمحاسبة -- معاجم -- المحاسبة -- مصطلحات -- المحاسبة التحليلية -- المحاسبة الإدارية _927530 |
|
| 999 |
_aA10569 _c14137 _d14137 |
||